Zkušenosti z oblasti personální práce bavorského Státního ministerstva pro výživu, zemědelství a lesy.

Systém riadenia poľnohospodárstva v Bavorsku. Vzdelanostná úroveň pracovníkov bavorského ministerstva poľnohospodárstva. Periodické hodnotenie pracovníkov. Pracovná morálka. Odmeňovanie a prijímanie pracovníkov. Štátni zamestnanci s definitívou.

Salvato in:
Dettagli Bibliografici
Autore principale: Vojkovská, J.
Natura: Capitolo di libro
Lingua:ceco
Soggetti:
Tags: Aggiungi Tag
Nessun Tag, puoi essere il primo ad aggiungerne!!

MARC

LEADER 00000naa a2200000 4500
001 r010243
005 20220831085102.4
041 0 |a cze 
044 |a [CS] 
245 1 0 |a Zkušenosti z oblasti personální práce bavorského Státního ministerstva pro výživu, zemědelství a lesy.  |c J. Vojkovská 
520 |a Systém riadenia poľnohospodárstva v Bavorsku. Vzdelanostná úroveň pracovníkov bavorského ministerstva poľnohospodárstva. Periodické hodnotenie pracovníkov. Pracovná morálka. Odmeňovanie a prijímanie pracovníkov. Štátni zamestnanci s definitívou. 
610 2 0 |a práca personálna 
610 2 0 |a poľnohospodárstvo 
610 2 0 |a Nemecko 
610 2 0 |a pracovníci 
610 2 0 |a personalistika 
610 2 0 |a politika personálna 
100 1 |a Vojkovská, J.